WWE Nexus members - Statistics

General Stats
  • This quiz has been taken 749 times
  • The average score is 8 of 13
Answer Stats
Hint Answer % Correct
Wade Barrett
89%
CM Punk
82%
Heath Slater
81%
Justin Gabriel
76%
David Otunga
71%
Daniel Bryan
65%
Husky Harris
61%
Darren Young
53%
John Cena
52%
Skip Sheffield
47%
Michael Tarver
42%
Mason Ryan
40%
Michael McGillicutty
25%
No matching quizzes found
Score Distribution
Percent of People with Each Score
Percentile by Number Answered
Your Score History
You have not taken this quiz